000 00745nam a22002417a 4500
003 UA-OsUOA
001 53286
007 ta
008 20151001b un ||||| |||| 00| 0 ukr d
100 _aДомбчевська І.
090 _a82-94
_bД66
942 _cBR
040 _aUA-OsUOA
_bukr
_cUA-OsUOA
_dUA-OsUOA
245 _aЗахист українських січових стрільців у Львові
300 _a13 с.
955 _a4
041 _aukr
080 _a82-94
260 _aТрускавець
_c1993
650 7 _a82 Література. Літературознавство
_2UDC
999 _c433404
_d433404